<?xml version="1.0" encoding="UTF-8"?>
<record
    xmlns:xsi="http://www.w3.org/2001/XMLSchema-instance"
    xsi:schemaLocation="http://www.loc.gov/MARC21/slim http://www.loc.gov/standards/marcxml/schema/MARC21slim.xsd"
    xmlns="http://www.loc.gov/MARC21/slim">

  <leader>00375nam a22001697a 4500</leader>
  <controlfield tag="003">OSt</controlfield>
  <controlfield tag="005">20240311143427.0</controlfield>
  <controlfield tag="008">220704b        xxu||||| |||| 00| 0 eng d</controlfield>
  <datafield tag="020" ind1=" " ind2=" ">
    <subfield code="a">978-9332557185</subfield>
  </datafield>
  <datafield tag="040" ind1=" " ind2=" ">
    <subfield code="c">01-B-6660</subfield>
  </datafield>
  <datafield tag="100" ind1=" " ind2=" ">
    <subfield code="a">KOTLER,P</subfield>
  </datafield>
  <datafield tag="245" ind1=" " ind2=" ">
    <subfield code="a">MARKETING, MANAGEMENT</subfield>
  </datafield>
  <datafield tag="250" ind1=" " ind2=" ">
    <subfield code="a">11TH</subfield>
  </datafield>
  <datafield tag="260" ind1=" " ind2=" ">
    <subfield code="a">PHI</subfield>
    <subfield code="b">NEW DELHI</subfield>
    <subfield code="c">2003</subfield>
  </datafield>
  <datafield tag="300" ind1=" " ind2=" ">
    <subfield code="a">836</subfield>
  </datafield>
  <datafield tag="942" ind1=" " ind2=" ">
    <subfield code="2">ddc</subfield>
    <subfield code="c">02</subfield>
  </datafield>
  <datafield tag="999" ind1=" " ind2=" ">
    <subfield code="c">52792</subfield>
    <subfield code="d">52792</subfield>
  </datafield>
  <datafield tag="952" ind1=" " ind2=" ">
    <subfield code="0">0</subfield>
    <subfield code="1">0</subfield>
    <subfield code="2">ddc</subfield>
    <subfield code="4">0</subfield>
    <subfield code="7">0</subfield>
    <subfield code="a">01</subfield>
    <subfield code="b">01</subfield>
    <subfield code="d">2022-07-04</subfield>
    <subfield code="g">325.00</subfield>
    <subfield code="p">01-B-6738</subfield>
    <subfield code="r">2022-07-04</subfield>
    <subfield code="u">MARKETING MANAGEMENT</subfield>
    <subfield code="w">2022-07-04</subfield>
    <subfield code="y">02</subfield>
  </datafield>
  <datafield tag="952" ind1=" " ind2=" ">
    <subfield code="0">0</subfield>
    <subfield code="1">0</subfield>
    <subfield code="2">ddc</subfield>
    <subfield code="4">0</subfield>
    <subfield code="7">0</subfield>
    <subfield code="a">01</subfield>
    <subfield code="b">01</subfield>
    <subfield code="d">2022-07-04</subfield>
    <subfield code="g">325.00</subfield>
    <subfield code="p">01-B-6739</subfield>
    <subfield code="r">2022-07-04</subfield>
    <subfield code="u">MARKETING MANAGEMENT</subfield>
    <subfield code="w">2022-07-04</subfield>
    <subfield code="y">02</subfield>
  </datafield>
  <datafield tag="952" ind1=" " ind2=" ">
    <subfield code="0">0</subfield>
    <subfield code="1">0</subfield>
    <subfield code="2">ddc</subfield>
    <subfield code="4">0</subfield>
    <subfield code="7">0</subfield>
    <subfield code="a">01</subfield>
    <subfield code="b">01</subfield>
    <subfield code="d">2022-07-04</subfield>
    <subfield code="g">325.00</subfield>
    <subfield code="p">01-B-6740</subfield>
    <subfield code="r">2022-07-04</subfield>
    <subfield code="u">MARKETING MANAGEMENT</subfield>
    <subfield code="w">2022-07-04</subfield>
    <subfield code="y">02</subfield>
  </datafield>
  <datafield tag="952" ind1=" " ind2=" ">
    <subfield code="0">0</subfield>
    <subfield code="1">0</subfield>
    <subfield code="2">ddc</subfield>
    <subfield code="4">0</subfield>
    <subfield code="7">0</subfield>
    <subfield code="a">01</subfield>
    <subfield code="b">01</subfield>
    <subfield code="d">2022-07-04</subfield>
    <subfield code="g">325.00</subfield>
    <subfield code="p">01-B-6741</subfield>
    <subfield code="r">2022-07-04</subfield>
    <subfield code="u">MARKETING MANAGEMENT</subfield>
    <subfield code="w">2022-07-04</subfield>
    <subfield code="y">02</subfield>
  </datafield>
  <datafield tag="952" ind1=" " ind2=" ">
    <subfield code="0">0</subfield>
    <subfield code="1">0</subfield>
    <subfield code="2">ddc</subfield>
    <subfield code="4">0</subfield>
    <subfield code="7">0</subfield>
    <subfield code="a">01</subfield>
    <subfield code="b">01</subfield>
    <subfield code="d">2022-07-04</subfield>
    <subfield code="g">325.00</subfield>
    <subfield code="p">01-B-6742</subfield>
    <subfield code="r">2022-07-04</subfield>
    <subfield code="u">MARKETING MANAGEMENT</subfield>
    <subfield code="w">2022-07-04</subfield>
    <subfield code="y">02</subfield>
  </datafield>
  <datafield tag="952" ind1=" " ind2=" ">
    <subfield code="0">0</subfield>
    <subfield code="1">0</subfield>
    <subfield code="2">ddc</subfield>
    <subfield code="4">0</subfield>
    <subfield code="7">0</subfield>
    <subfield code="a">01</subfield>
    <subfield code="b">01</subfield>
    <subfield code="d">2022-07-04</subfield>
    <subfield code="g">325.00</subfield>
    <subfield code="p">01-B-6743</subfield>
    <subfield code="r">2022-07-04</subfield>
    <subfield code="u">MARKETING MANAGEMENT</subfield>
    <subfield code="w">2022-07-04</subfield>
    <subfield code="y">02</subfield>
  </datafield>
  <datafield tag="952" ind1=" " ind2=" ">
    <subfield code="0">0</subfield>
    <subfield code="1">0</subfield>
    <subfield code="2">ddc</subfield>
    <subfield code="4">0</subfield>
    <subfield code="7">0</subfield>
    <subfield code="a">01</subfield>
    <subfield code="b">01</subfield>
    <subfield code="d">2022-07-04</subfield>
    <subfield code="g">325.00</subfield>
    <subfield code="p">01-B-6744</subfield>
    <subfield code="r">2022-07-04</subfield>
    <subfield code="u">MARKETING MANAGEMENT</subfield>
    <subfield code="w">2022-07-04</subfield>
    <subfield code="y">02</subfield>
  </datafield>
  <datafield tag="952" ind1=" " ind2=" ">
    <subfield code="0">0</subfield>
    <subfield code="1">0</subfield>
    <subfield code="2">ddc</subfield>
    <subfield code="4">0</subfield>
    <subfield code="7">0</subfield>
    <subfield code="a">01</subfield>
    <subfield code="b">01</subfield>
    <subfield code="d">2022-07-04</subfield>
    <subfield code="g">325.00</subfield>
    <subfield code="p">01-B-6745</subfield>
    <subfield code="r">2022-07-04</subfield>
    <subfield code="u">MARKETING MANAGEMENT</subfield>
    <subfield code="w">2022-07-04</subfield>
    <subfield code="y">02</subfield>
  </datafield>
  <datafield tag="952" ind1=" " ind2=" ">
    <subfield code="0">0</subfield>
    <subfield code="1">0</subfield>
    <subfield code="2">ddc</subfield>
    <subfield code="4">0</subfield>
    <subfield code="7">0</subfield>
    <subfield code="a">01</subfield>
    <subfield code="b">01</subfield>
    <subfield code="d">2022-07-04</subfield>
    <subfield code="g">325.00</subfield>
    <subfield code="p">01-B-6746</subfield>
    <subfield code="r">2022-07-04</subfield>
    <subfield code="u">MARKETING MANAGEMENT</subfield>
    <subfield code="w">2022-07-04</subfield>
    <subfield code="y">02</subfield>
  </datafield>
  <datafield tag="952" ind1=" " ind2=" ">
    <subfield code="0">0</subfield>
    <subfield code="1">0</subfield>
    <subfield code="2">ddc</subfield>
    <subfield code="4">0</subfield>
    <subfield code="7">0</subfield>
    <subfield code="a">01</subfield>
    <subfield code="b">01</subfield>
    <subfield code="d">2022-07-04</subfield>
    <subfield code="g">325.00</subfield>
    <subfield code="p">01-B-6747</subfield>
    <subfield code="r">2022-07-04</subfield>
    <subfield code="u">MARKETING MANAGEMENT</subfield>
    <subfield code="w">2022-07-04</subfield>
    <subfield code="y">02</subfield>
  </datafield>
  <datafield tag="952" ind1=" " ind2=" ">
    <subfield code="0">0</subfield>
    <subfield code="1">0</subfield>
    <subfield code="2">ddc</subfield>
    <subfield code="4">0</subfield>
    <subfield code="7">0</subfield>
    <subfield code="a">01</subfield>
    <subfield code="b">01</subfield>
    <subfield code="d">2022-07-04</subfield>
    <subfield code="g">325.00</subfield>
    <subfield code="p">01-B-6748</subfield>
    <subfield code="r">2022-07-04</subfield>
    <subfield code="u">MARKETING MANAGEMENT</subfield>
    <subfield code="w">2022-07-04</subfield>
    <subfield code="y">02</subfield>
  </datafield>
  <datafield tag="952" ind1=" " ind2=" ">
    <subfield code="0">0</subfield>
    <subfield code="1">0</subfield>
    <subfield code="2">ddc</subfield>
    <subfield code="4">0</subfield>
    <subfield code="7">0</subfield>
    <subfield code="a">01</subfield>
    <subfield code="b">01</subfield>
    <subfield code="d">2022-07-04</subfield>
    <subfield code="g">325.00</subfield>
    <subfield code="p">01-B-6749</subfield>
    <subfield code="r">2022-07-04</subfield>
    <subfield code="u">MARKETING MANAGEMENT</subfield>
    <subfield code="w">2022-07-04</subfield>
    <subfield code="y">02</subfield>
  </datafield>
  <datafield tag="952" ind1=" " ind2=" ">
    <subfield code="0">0</subfield>
    <subfield code="1">0</subfield>
    <subfield code="2">ddc</subfield>
    <subfield code="4">0</subfield>
    <subfield code="7">0</subfield>
    <subfield code="a">01</subfield>
    <subfield code="b">01</subfield>
    <subfield code="d">2022-07-04</subfield>
    <subfield code="g">325.00</subfield>
    <subfield code="p">01-B-6750</subfield>
    <subfield code="r">2022-07-04</subfield>
    <subfield code="u">MARKETING MANAGEMENT</subfield>
    <subfield code="w">2022-07-04</subfield>
    <subfield code="y">02</subfield>
  </datafield>
  <datafield tag="952" ind1=" " ind2=" ">
    <subfield code="0">0</subfield>
    <subfield code="1">0</subfield>
    <subfield code="2">ddc</subfield>
    <subfield code="4">0</subfield>
    <subfield code="7">0</subfield>
    <subfield code="a">01</subfield>
    <subfield code="b">01</subfield>
    <subfield code="d">2022-07-04</subfield>
    <subfield code="g">325.00</subfield>
    <subfield code="p">01-B-6751</subfield>
    <subfield code="r">2022-07-04</subfield>
    <subfield code="u">MARKETING MANAGEMENT</subfield>
    <subfield code="w">2022-07-04</subfield>
    <subfield code="y">02</subfield>
  </datafield>
  <datafield tag="952" ind1=" " ind2=" ">
    <subfield code="0">0</subfield>
    <subfield code="1">0</subfield>
    <subfield code="2">ddc</subfield>
    <subfield code="4">0</subfield>
    <subfield code="7">0</subfield>
    <subfield code="a">01</subfield>
    <subfield code="b">01</subfield>
    <subfield code="d">2022-07-04</subfield>
    <subfield code="g">325.00</subfield>
    <subfield code="p">01-B-6752</subfield>
    <subfield code="r">2022-07-04</subfield>
    <subfield code="u">MARKETING MANAGEMENT</subfield>
    <subfield code="w">2022-07-04</subfield>
    <subfield code="y">02</subfield>
  </datafield>
  <datafield tag="952" ind1=" " ind2=" ">
    <subfield code="0">0</subfield>
    <subfield code="1">0</subfield>
    <subfield code="2">ddc</subfield>
    <subfield code="4">0</subfield>
    <subfield code="7">0</subfield>
    <subfield code="a">01</subfield>
    <subfield code="b">01</subfield>
    <subfield code="d">2022-07-04</subfield>
    <subfield code="g">325.00</subfield>
    <subfield code="p">01-B-6753</subfield>
    <subfield code="r">2022-07-04</subfield>
    <subfield code="u">MARKETING MANAGEMENT</subfield>
    <subfield code="w">2022-07-04</subfield>
    <subfield code="y">02</subfield>
  </datafield>
  <datafield tag="952" ind1=" " ind2=" ">
    <subfield code="0">0</subfield>
    <subfield code="1">0</subfield>
    <subfield code="2">ddc</subfield>
    <subfield code="4">0</subfield>
    <subfield code="7">0</subfield>
    <subfield code="a">01</subfield>
    <subfield code="b">01</subfield>
    <subfield code="d">2022-07-04</subfield>
    <subfield code="g">325.00</subfield>
    <subfield code="p">01-B-6754</subfield>
    <subfield code="r">2022-07-04</subfield>
    <subfield code="u">MARKETING MANAGEMENT</subfield>
    <subfield code="w">2022-07-04</subfield>
    <subfield code="y">02</subfield>
  </datafield>
  <datafield tag="952" ind1=" " ind2=" ">
    <subfield code="0">0</subfield>
    <subfield code="1">0</subfield>
    <subfield code="2">ddc</subfield>
    <subfield code="4">0</subfield>
    <subfield code="7">0</subfield>
    <subfield code="a">01</subfield>
    <subfield code="b">01</subfield>
    <subfield code="d">2022-07-04</subfield>
    <subfield code="g">325.00</subfield>
    <subfield code="p">01-B-6755</subfield>
    <subfield code="r">2022-07-04</subfield>
    <subfield code="u">MARKETING MANAGEMENT</subfield>
    <subfield code="w">2022-07-04</subfield>
    <subfield code="y">02</subfield>
  </datafield>
  <datafield tag="952" ind1=" " ind2=" ">
    <subfield code="0">0</subfield>
    <subfield code="1">0</subfield>
    <subfield code="2">ddc</subfield>
    <subfield code="4">0</subfield>
    <subfield code="7">0</subfield>
    <subfield code="a">01</subfield>
    <subfield code="b">01</subfield>
    <subfield code="d">2022-07-04</subfield>
    <subfield code="g">325.00</subfield>
    <subfield code="p">01-B-6756</subfield>
    <subfield code="r">2022-07-04</subfield>
    <subfield code="u">MARKETING MANAGEMENT</subfield>
    <subfield code="w">2022-07-04</subfield>
    <subfield code="y">02</subfield>
  </datafield>
  <datafield tag="952" ind1=" " ind2=" ">
    <subfield code="0">0</subfield>
    <subfield code="1">0</subfield>
    <subfield code="2">ddc</subfield>
    <subfield code="4">0</subfield>
    <subfield code="7">0</subfield>
    <subfield code="a">01</subfield>
    <subfield code="b">01</subfield>
    <subfield code="d">2022-07-04</subfield>
    <subfield code="g">325.00</subfield>
    <subfield code="l">2</subfield>
    <subfield code="p">01-B-6757</subfield>
    <subfield code="r">2025-02-11</subfield>
    <subfield code="s">2024-09-05</subfield>
    <subfield code="u">MARKETING MANAGEMENT</subfield>
    <subfield code="w">2022-07-04</subfield>
    <subfield code="y">02</subfield>
  </datafield>
  <datafield tag="952" ind1=" " ind2=" ">
    <subfield code="0">0</subfield>
    <subfield code="1">0</subfield>
    <subfield code="2">ddc</subfield>
    <subfield code="4">0</subfield>
    <subfield code="7">0</subfield>
    <subfield code="a">01</subfield>
    <subfield code="b">01</subfield>
    <subfield code="d">2022-07-04</subfield>
    <subfield code="g">325.00</subfield>
    <subfield code="p">01-B-6758</subfield>
    <subfield code="r">2022-07-04</subfield>
    <subfield code="u">MARKETING MANAGEMENT</subfield>
    <subfield code="w">2022-07-04</subfield>
    <subfield code="y">02</subfield>
  </datafield>
  <datafield tag="952" ind1=" " ind2=" ">
    <subfield code="0">0</subfield>
    <subfield code="1">0</subfield>
    <subfield code="2">ddc</subfield>
    <subfield code="4">0</subfield>
    <subfield code="7">0</subfield>
    <subfield code="a">01</subfield>
    <subfield code="b">01</subfield>
    <subfield code="d">2022-07-04</subfield>
    <subfield code="g">325.00</subfield>
    <subfield code="p">01-B-6759</subfield>
    <subfield code="r">2022-07-04</subfield>
    <subfield code="u">MARKETING MANAGEMENT</subfield>
    <subfield code="w">2022-07-04</subfield>
    <subfield code="y">02</subfield>
  </datafield>
  <datafield tag="952" ind1=" " ind2=" ">
    <subfield code="0">0</subfield>
    <subfield code="1">0</subfield>
    <subfield code="2">ddc</subfield>
    <subfield code="4">0</subfield>
    <subfield code="7">0</subfield>
    <subfield code="a">01</subfield>
    <subfield code="b">01</subfield>
    <subfield code="d">2022-07-04</subfield>
    <subfield code="g">325.00</subfield>
    <subfield code="p">01-B-6760</subfield>
    <subfield code="r">2022-07-04</subfield>
    <subfield code="u">MARKETING MANAGEMENT</subfield>
    <subfield code="w">2022-07-04</subfield>
    <subfield code="y">02</subfield>
  </datafield>
</record>
